Applied analysis and differential equations : (Record no. 13210)

MARC details
000 -LEADER
fixed length control field 01330cam a2200325 i 4500
001 - CONTROL NUMBER
control field 15110757
003 - CONTROL NUMBER IDENTIFIER
control field EG-ScBUE
005 - DATE AND TIME OF LATEST TRANSACTION
control field 20240929122631.0
008 - FIXED-LENGTH DATA ELEMENTS--GENERAL INFORMATION
fixed length control field 071212s2007 njua f b 101 0 eng d
020 ## - INTERNATIONAL STANDARD BOOK NUMBER
International Standard Book Number 9789812705945
020 ## - INTERNATIONAL STANDARD BOOK NUMBER
International Standard Book Number 9812705945
035 ## - SYSTEM CONTROL NUMBER
System control number (OCoLC)ocn144226088
040 ## - CATALOGING SOURCE
Original cataloging agency BTCTA
Language of cataloging eng
Description conventions rda
Transcribing agency BTCTA
Modifying agency BAKER
-- YDXCP
-- OL$
-- GUA
-- TXA
-- DLC
-- EG-ScBUE
082 04 - DEWEY DECIMAL CLASSIFICATION NUMBER
Classification number 515
Edition number 22
Item number APP
111 2# - MAIN ENTRY--MEETING NAME
Meeting name or jurisdiction name as entry element International Conference of Applied Analysis and Differential Equations
Date of meeting (2006 :
Location of meeting Iasi, Romania)
9 (RLIN) 10657
245 00 - TITLE STATEMENT
Title Applied analysis and differential equations :
Remainder of title Iasi, Romania, 4-9 September 2006 /
Statement of responsibility, etc editors, Ovidiu Carja, Ioan I. Vrabie.
264 #1 - PUBLICATION, DISTRIBUTION, ETC. (IMPRINT)
Place of publication, distribution, etc New Jersey :
Name of publisher, distributor, etc World Scientific Publishing,
Date of publication, distribution, etc 2007.
300 ## - PHYSICAL DESCRIPTION
Extent xii, 351 pages :
Other physical details illustrations ;
Dimensions 24 cm
336 ## - CONTENT TYPE
Source rdacontent
Content type term text
Content type code txt
337 ## - MEDIA TYPE
Media type term unmediated
Source rdamedia
Media type code n
338 ## - CARRIER TYPE
Carrier type term volume
Carrier type code nc
Source rdacarrier
504 ## - BIBLIOGRAPHY, ETC. NOTE
Bibliography, etc Includes bibliographical references and index.
650 #7 - SUBJECT ADDED ENTRY--TOPICAL TERM
Topical term or geographic name as entry element Mathematical analysis
Form subdivision Congresses.
Source of heading or term BUEsh
9 (RLIN) 10658
650 #7 - SUBJECT ADDED ENTRY--TOPICAL TERM
Topical term or geographic name as entry element Differential equations
Form subdivision Congresses.
Source of heading or term BUEsh
9 (RLIN) 10659
655 ## - INDEX TERM--GENRE/FORM
Form subdivision Reading book
700 1# - ADDED ENTRY--PERSONAL NAME
Personal name Carja, Ovidiu,
Relator term editor.
9 (RLIN) 10660
700 1# - ADDED ENTRY--PERSONAL NAME
Personal name Vrabie, I. I.
Fuller form of name (Ioan I.),
Dates associated with a name 1951-
Relator term editor.
9 (RLIN) 10661
856 41 - ELECTRONIC LOCATION AND ACCESS
Materials specified Table of contents
Uniform Resource Identifier <a href="http://www.loc.gov/catdir/toc/fy0802/2007300258.html">http://www.loc.gov/catdir/toc/fy0802/2007300258.html</a>
942 ## - ADDED ENTRY ELEMENTS (KOHA)
Source of classification or shelving scheme Dewey Decimal Classification
Koha item type Book - Borrowing
Holdings
Withdrawn status Lost status Source of classification or shelving scheme Damaged status Not for loan Collection code Home library Current library Shelving location Date acquired Source of acquisition Cost, normal purchase price Serial Enumeration / chronology Total Checkouts Full call number Barcode Date last seen Price effective from Koha item type
    Dewey Decimal Classification     Baccah Central Library Central Library First floor 26/01/2010 Purchase 612.00 7117   515 APP 000016067 15/07/2025 26/01/2010 Book - Borrowing